000 00621cam a22002293a 4500
001 19259
003 PGUSA
005 20140828083416.0
008 060912s2006||||xxu|||||s|||||000 1 eng d
040 _aPGUSA
_beng
042 _adc
050 4 _aPS
100 1 _aSheldon, Georgie,
_cMrs,
_d1843-1926
245 1 0 _aHis Heart's Queen
_h[electronic resource] /
_cGeorgie, Sheldon
260 _bProject Gutenberg,
_c2006
506 _aPublic domain in the USA.
516 _aElectronic text
653 _aFiction
830 0 _aProject Gutenberg
_v19259
856 4 0 _uhttp://www.gutenberg.org/ebooks/19259
942 _cEB
999 _c248514
_d248514